000 00238nam a2200097Ia 4500
008 170619s9999 xx 000 0 und d
100 _aGeraz- Sabih.H
245 0 _aAlgorithms For VLSI Design Automation
260 _bWiley- India
260 _c2011
546 _aENGLISH
999 _c20342
_d20342